Справочник по маршейдерскому делу

Bibliographic Details
Language:Russian
Published: Москва, Углетехиздат, 1955
Edition:2-е изд., испр. и доп.
Subjects:
Format: Book
KOHA link:https://koha.lib.tpu.ru/cgi-bin/koha/opac-detail.pl?biblionumber=156190

MARC

LEADER 00000nam0a2200000 4500
001 156190
005 20231031152943.0
035 |a (RuTPU)RU\TPU\book\169393 
090 |a 156190 
100 |a 20090324d1955 km y0rusy50 ca 
101 0 |a rus 
102 |a RU 
105 |a a z 001zy 
200 1 |a Справочник по маршейдерскому делу 
205 |a 2-е изд., испр. и доп. 
210 |a Москва  |c Углетехиздат  |d 1955 
215 |a 612 с.  |c ил. 
320 |a Библиография в конце разделов. 
610 1 |a справочники 
610 1 |a маркшейдерское дело 
675 |a 622.1(035)  |v 3 
801 1 |a RU  |b 63413507  |c 20090324  |g PSBO 
801 2 |a RU  |b 63413507  |c 20090723  |g PSBO 
942 |c BK